Tous les Pokémon de type Dragon - Statistiques

Statistiques générales
  • Ce quiz a été pris 29 fois
  • Le résultat moyen est 62 sur 92
Statistiques - réponses
Génération Pokémon Autre Type % Correct
Première Draco
100%
Première Dracolosse Vol
100%
Première Minidraco
95%
Quatrième Carchacrok Sol
86%
Troisième Rayquaza Vol
86%
Cinquième Solochi Ténèbres
86%
Cinquième Trioxhydre Ténèbres
86%
Troisième Altaria Vol
81%
Quatrième Carmache Sol
81%
Quatrième Dialga Acier
81%
Cinquième Diamat Ténèbres
81%
Quatrième Griknot Sol
81%
Deuxième Hyporoi Eau
81%
Première Méga-Dracaufeu X Feu
81%
Quatrième Palkia Eau
81%
Cinquième Coupenotte
76%
Troisième Drattak Vol
76%
Huitième Ethernatos Poison
76%
Cinquième Incisache
76%
Cinquième Kyurem Glace
76%
Huitième Lanssorien Spectre
76%
Troisième Latias Psy
76%
Troisième Latios Psy
76%
Troisième Libégon Sol
76%
Quatrième Méga-Carchacrok Sol
76%
Sixième Mucuscule
76%
Cinquième Reshiram Feu
76%
Cinquième Tranchodon
76%
Cinquième Zekrom Electrik
76%
Troisième Draby
71%
Huitième Duralugon Acier
71%
Quatrième Giratina Spectre
71%
Cinquième Kyurem Blanc Glace
71%
Cinquième Kyurem Noir Glace
71%
Troisième Méga-Altaria Fée
71%
Deuxième Méga-Pharamp Electrik
71%
Troisième Méga-Rayquaza Vol
71%
Sixième Muplodocus
71%
Sixième Ptyranidur Roche
71%
Sixième Rexillius Roche
71%
Troisième Vibraninf Sol
71%
Septième Zygarde 10% Sol
71%
Septième Zygarde 100% Sol
71%
Sixième Zygarde 50% Sol
71%
Septième Boumata Feu
67%
Sixième Bruyverne Vol
67%
Sixième Colimucus
67%
Huitième Dispareptil Spectre
67%
Septième Draïeul Normal
67%
Cinquième Drakkarmin
67%
Huitième Dratatin Plante
67%
Septième Ekaïser Combat
67%
Septième Engloutyran Ténèbres
67%
Neuvième Feu-Perçant Feu
67%
Neuvième Glaivodo Glace
67%
Neuvième Koraidon Combat
67%
Sixième Kravarech Poison
67%
Troisième Méga-Drattak Vol
67%
Troisième Méga-Jungko Plante
67%
Troisième Méga-Latias Psy
67%
Troisième Méga-Latios Psy
67%
Neuvième Miraidon Electrik
67%
Neuvième Pomdorochi Plante
67%
Sixième Sonistrelle Vol
67%
Huitième Verpom Plante
67%
Quatrième Arceus Dragon
62%
Septième Bébécaille
62%
Troisième Drakhaus
62%
Septième Ecaïd Combat
62%
Huitième Fantyrm Spectre
62%
Neuvième Ire-Foudre Electrik
62%
Huitième Muplodocus de Hisui Acier
62%
Septième Noadkoko d'Alola Plante
62%
Huitième Pomdrapi Plante
62%
Huitième Colimucus de Hisui Acier
57%
Neuvième Pondralugon Acier
57%
Neuvième Rugit-Lune Ténèbres
57%
Neuvième Serpente-Eau Eau
57%
Neuvième Cryodo Glace
52%
Neuvième Frigodo Glace
52%
Huitième Hydragon Eau
52%
Neuvième Pomdramour Plante
52%
Quatrième Dialga Originel Acier
48%
Huitième Galvagon Electrik
48%
Septième Mandrillon Poison
48%
Neuvième Motorizard Normal
48%
Neuvième Nigirigon Eau
48%
Septième Silvallié Dragon
48%
Septième Ultra-Necrozma Psy
48%
Quatrième Giratina Originel Spectre
43%
Huitième Regidrago
43%
Quatrième Palkia Oriniel Eau
10%
Aucun quiz correspondant
Distribution des résultats
% des personnes avec chaque résultat
Percentile par nombre de réponses
Votre historique - résultats
Vous n’avez pas pris ce quiz